| 000 | 01458cam a2200361 a 4500 | ||
|---|---|---|---|
| 001 | 14868077 | ||
| 003 | OSt | ||
| 005 | 20211015142120.0 | ||
| 008 | 070529s2008 maua b 001 0 eng | ||
| 010 | _a 2007022553 | ||
| 020 | _a9780763748869 (alk. paper) | ||
| 035 | _a(OCoLC)ocn137306032 | ||
| 035 | _a(OCoLC)137306032 | ||
| 038 | _aKhadija | ||
| 040 |
_aDLC _cDLC _dYDXCP _dBAKER _dBTCTA _dC#P _dDLC |
||
| 050 | 0 | 0 |
_aTK3285 _b.S722 2008 |
| 082 | 0 | 0 |
_a621.319 _222 _bSTF |
| 100 | 1 |
_aStauffer, H. Brooke. _983230 |
|
| 245 | 1 | 0 |
_aEngineer's guide to the National electrical code / _cH. Brooke Stauffer ; National Fire Protection Association. |
| 260 |
_aSudbury, Mass. : _bJones and Bartlett Publishers, _cc2008. |
||
| 300 |
_av, 174 p. : _bill. ; _c23 cm. |
||
| 504 | _aIncludes bibliographical references and index. | ||
| 563 | _aPB | ||
| 650 | 0 |
_aElectric wiring. _941141 |
|
| 650 | 0 |
_aElectric wiring _xInsurance requirements. _983231 |
|
| 650 | 0 |
_aElectric wiring _xStandards. _983232 |
|
| 710 | 2 |
_aNational Fire Protection Association. _983233 |
|
| 710 | 2 |
_aNational Fire Protection Association. _tNational electrical code (2007) _983234 |
|
| 856 | 4 | 1 |
_3Table of contents only _uhttp://www.loc.gov/catdir/toc/ecip0719/2007022553.html |
| 906 |
_a7 _bcbc _corignew _d1 _eecip _f20 _gy-gencatlg |
||
| 942 |
_2ddc _cBK |
||
| 999 |
_c32617 _d32617 |
||